00000000nam 2200000za 4500
0019.689336
003CaOODSP
00520210624231841
007cr |||||||||||
008150407s2004    onc|||||o    f|0| 0 eng d
040 |aCaOODSP|beng
043 |an-cn---
0861 |aH46-2/04-343E-PDF
1101 |aCanada. |bHealth Canada. |bHealthy Environments and Consumer Safety Branch.
24510|aCanadian handbook on health impact assessment. Volume 1, The basics |h[electronic resource] / |ca report of the Federal/Provincial/Territorial Committee on Environmental and Occupational Health.
260 |bHealth Canada, |c2004.
300 |a150 p. : |bfigs., glossary, graphs, tables.
500 |aThe catalogue number (H46-2/04-343E) and ISBN (0-662-36503-8) for the English print edition have been incorrectly copied in this PDF edition.
590 |a07-02-Supp|b2007-04-05
69007|aHealth impact|2gcpds
69007|aHandbooks|2gcpds
77508|tGuide canadien d'évaluation des incidences sur la santé. Volume 1, Notions fondamentales |w(CaOODSP)9.633749
795 |tCanadian handbook on health impact assessment. Volume 1, The basics |w(CaOODSP)9.695399
85640|ahttp://publications.gc.ca|qPDF|s713 KB|uhttps://publications.gc.ca/collections/Collection/H46-2-04-343E.pdf